00349nam a2200133Ia 4500008004100000020001500041041001200056082001600068100001700084245006700101260002700168300000800195650001200203221030s9999 xx 000 0 und d a8124202007 aEnglish a105.23bSan aR. K. Sanyal 4aThe Hindu Philosophy Of Sin Salvation & Karmacby R. K. Sanyal bCrest PubaDelhic2001 a192 aGeneral